000 00238 a2200109 4500
001 68605
040 _cAnchieta - Itaigara
240 1 0 _aOs templos da selva
_l
245 1 0 _aOs templos da selva
650 4 _aGeografia e viagens
942 _cMX
999 _c68605
_d68605